00242nam a2200085Ia 4500008004100000100002700041245003700068260004200105260000900147170620s9999 xx 000 0 und d aSeshaiah- Ponnana Rama 0aMethods of Teaching Home Science bNew Delhi- Discovery Publishing House c2006